Harry Potter and the Sorcerer's Stone Book Characters Quiz Stats

Quiz not verified by Sporcle

Challenge
Share
Tweet
Embed
Score 0/41 Timer 10:00
0 Plays Today
Answer % Correct
Harry Potter
100%
Ron Weasley
97.2%
Hermione Granger
95.8%
Fred Weasley
94.4%
George Weasley
94.4%
Albus Dumbledore
93.1%
Minerva McGonagall
93.1%
Ginny Weasley
93.1%
Rubeus Hagrid
91.7%
Molly Weasley
91.7%
Severus Snape
88.9%
Percy Weasley
88.9%
Quirinus Quirrell
87.5%
Vernon Dursley
87.5%
Dudley Dursley
87.5%
Petunia Dursley
87.5%
Draco Malfoy
86.1%
Neville Longbottom
80.6%
Lord Voldemort
80.6%
Filius Flitwick
77.8%
Oliver Wood
72.2%
Answer % Correct
Seamus Finnigan
72.2%
Gregory Goyle
70.8%
Vincent Crabbe
70.8%
Dean Thomas
68.1%
Alicia Spinnet
55.6%
Angelina Johnson
55.6%
Nearly Headless Nick
52.8%
Argus Filch
51.4%
Lee Jordan
48.6%
Katie Bell
44.4%
Peeves
38.9%
Mrs. Norris
38.9%
Marcus Flint
38.9%
Garrick Ollivander
34.7%
Scabbers
30.6%
Griphook the Goblin
25%
Adrian Pucey
22.2%
Firenze
20.8%
Bane
19.4%
Ronan
18.1%

You're not logged in!

Compare scores with friends on all Sporcle quizzes.
Sign Up with Email
OR
Log In

You Might Also Like...

Show Comments

Extras

Top Quizzes Today


Score Distribution

Your Account Isn't Verified!

In order to create a playlist on Sporcle, you need to verify the email address you used during registration. Go to your Sporcle Settings to finish the process.

Report this User

Report this user for behavior that violates our Community Guidelines.

Details: